| 000 -LEADER |
| fixed length control field |
00367nam a2200145Ia 4500 |
| 008 - FIXED-LENGTH DATA ELEMENTS--GENERAL INFORMATION |
| fixed length control field |
220308s9999 xx 000 0 und d |
| 020 ## - INTERNATIONAL STANDARD BOOK NUMBER |
| International Standard Book Number |
9781864705522 |
| 082 ## - DEWEY DECIMAL CLASSIFICATION NUMBER |
| Classification number |
635.9671 |
| Item number |
DIL |
| 100 ## - MAIN ENTRY--PERSONAL NAME |
| Personal name |
by Gina Tsarouhas |
| 245 #0 - TITLE STATEMENT |
| Title |
Green Walls: Green Roofs |
| 260 ## - PUBLICATION, DISTRIBUTION, ETC. (IMPRINT) |
| Name of publisher, distributor, etc |
Images Publishing Group Pty Ltd (1 August 2014) |
| 365 ## - TRADE PRICE |
| Price type code |
USD |
| 365 ## - TRADE PRICE |
| Unit of pricing |
50 |
| 942 ## - ADDED ENTRY ELEMENTS (KOHA) |
| Source of classification or shelving scheme |
|